000 002680000a22000970004500
100 1 _aMitchell, Bill
245 1 0 _aNueva herramienta para traductores indígenas
300 _aVol. 49, Núm 215 (1994), Páginas 8--10
773 0 _tLa Biblia de las Américas
942 _cANA
999 _c51351
_d51351